Trendy v marketingovej komunikácii

Nové formy a spôsoby marketingovej komunikácie. Guerilla marketing. Word-of-mouth marketing. Mobilný marketing.

Na minha lista:
Detalhes bibliográficos
Autor principal: Kedrová, Jana
Formato: Capítulo de Livro
Idioma:eslovaco
Assuntos:
Tags: Adicionar Tag
Sem tags, seja o primeiro a adicionar uma tag!

MARC

LEADER 00000nla$a2200000$$$4500
001 0142571
005 20240502072545.0
041 0 |a slo 
044 |a SK 
245 1 0 |a Trendy v marketingovej komunikácii  |c Jana Kedrová 
520 |a Nové formy a spôsoby marketingovej komunikácie. Guerilla marketing. Word-of-mouth marketing. Mobilný marketing. 
610 2 0 |a marketing 
610 2 0 |a komunikácia marketingová 
610 2 0 |a reklama 
610 2 0 |a propagácia 
610 2 0 |a zákazníci 
610 2 0 |a kreativita 
610 2 0 |a telefón mobilný 
100 1 |a Kedrová, Jana